| 000 | 01116nam a22002177a 4500 | ||
|---|---|---|---|
| 001 | 5691 | ||
| 003 | FISKH | ||
| 005 | 20250114102326.0 | ||
| 008 | 250114b cb ||||| |||| 00| 0 eng d | ||
| 020 | _a9781107612310 | ||
| 040 |
_aFISKH _beng _cFISKH _dFISKH |
||
| 082 | _a330 | ||
| 100 | _aGrant, Susan | ||
| 245 |
_aCambridge IGCSE economics workbook / _cby Susan Grant |
||
| 250 | _aFirst published 2014 | ||
| 260 |
_aCambridge : _bCambridge University Press ; _c2014. |
||
| 300 |
_a249 pages : _billustrations ; _c25 cm . |
||
| 520 | _aEndorsed by Cambridge International Examinations, Cambridge IGCSE Economics Workbook is designed to help learners develop their understanding of economics, to build up skills and to enable them to assess their progress. The workbook can be used in conjunction with the Cambridge IGCSE Economics textbook (ISBN 9781107612334) by the same author but may also be used independently. It is divided into eight sections which correspond to the sections of the syllabus and the textbook. Each section, in turn, is divided into ten parts. | ||
| 942 |
_2ddc _cBK _n0 |
||
| 999 |
_c5691 _d5691 |
||